书目信息 |
| 题名: |
计算机工程制图
|
|
| 作者: | 黄皖苏 , 李学京 编著 | |
| 分册: | ||
| 出版信息: | 北京 机械工业出版社 1998.09 |
|
| 页数: | 253页 | |
| 开本: | 16开 | |
| 丛书名: | ||
| 单 册: | ||
| 中图分类: | TP391.72 | |
| 科图分类: | ||
| 主题词: | 计算机应用 | |
| 电子资源: | ||
| ISBN: | 7-111-06745-2 | |
| 000 | 00608nam0 2200205 45 | |
| 001 | 0010020281 | |
| 005 | 20001002021144.9 | |
| 010 | @a7-111-06745-2@d22.00元 | |
| 100 | @a20001002d1998 km y0chiy0120 ea | |
| 101 | 0 | @achi |
| 105 | @a z 000yy | |
| 200 | 1 | @a计算机工程制图@AJi Suan Ji Gong Cheng Zhi Tu@f黄皖苏,李学京编著@FHuang Wan Su,Li Xue Jing Bian Zhu |
| 210 | @a北京@c机械工业出版社@d1998.09 | |
| 215 | @a253页@d16开 | |
| 606 | 0 | @a计算机应用 |
| 690 | @aTP391.72@v3 | |
| 701 | 0 | @a黄皖苏@4编著 |
| 701 | 0 | @a李学京@4编著 |
| 801 | @aCN@bPftUser@c20001002 | |
| 905 | @b411444-448@dTP391.72@eH890@f5 | |
| 计算机工程制图/黄皖苏,李学京编著.-北京:机械工业出版社,1998.09 |
| 253页;16开 |
| ISBN 7-111-06745-2:22.00元 |
| ● |
| 相关链接 |
|
|
|
正题名:计算机工程制图
索取号:TP391.72/H890
 
预约/预借
| 序号 | 登录号 | 条形码 | 馆藏地/架位号 | 状态 | 备注 |
| 1 | 411444 | 204114449 | 自科库301/501自科库 7排3列5层/ [索取号:TP391.72/H890] | 在馆 | |
| 2 | 411445 | 204114458 | 自科二线400A/400A自科库 25排3列2层/ [索取号:TP391.72/H890] | 在馆 | |
| 3 | 411446 | 204114467 | 自科二线400A/400A自科库 25排3列2层/ [索取号:TP391.72/H890] | 在馆 | |
| 4 | 411447 | 204114476 | 自科库301/501自科库 7排3列5层/ [索取号:TP391.72/H890] | 在馆 | |
| 5 | 411448 | 204114485 | 自科二线400A/400A自科库 25排3列2层/ [索取号:TP391.72/H890] | 在馆 | |
| 6 | 62829 | 200628295 | 期刊室512/301自科库 68排4列4层/ [索取号:TP391.72/H890] | 在馆 | |
| 7 | 62830 | 200628302 | 自科库301/301自科库 65排6列5层/ [索取号:TP391.72/H890] | 在馆 | |
| 8 | 62831 | 200628311 | 自科二线404/404自科库 11排1列2层/ [索取号:TP391.72/H890] | 在馆 | |
| 9 | 62832 | 200628320 | 自科库301/301自科库 65排6列5层/ [索取号:TP391.72/H890] | 在馆 | |
| 10 | 62833 | 200628339 | 期刊室512/301自科库 68排4列4层/ [索取号:TP391.72/H890] | 在馆 |